|
|
|
|
| LEADER |
00738nam a22002292a 4500 |
| 001 |
001119800 |
| 003 |
CZ BrMZK |
| 005 |
20211011140941.0 |
| 007 |
ta |
| 008 |
101005s1897 xr er|||||||||||cze d |
| 015 |
|
|
|a cnb003065651
|
| 040 |
|
|
|a BOA001
|b cze
|
| 100 |
1 |
|
|a Janovský, František,
|d 1860-1918
|7 jk01051107
|4 aut
|
| 245 |
1 |
0 |
|a Ježíš, cesta, pravda a život :
|b kázání na posvátnou dobu velikonoční /
|c sepsal a kázal František Janovský
|
| 260 |
|
|
|a Dačice :
|b A. Kasalý,
|c 1897
|
| 300 |
|
|
|a 175, [1] s.
|
| 910 |
|
|
|a BOA001
|b 2-0958.665
|
| 964 |
|
|
|a Bohemika - stol. 19.
|
| 990 |
|
|
|a BK
|
| 993 |
|
|
|a Y
|
| 991 |
|
|
|b 201010
|
| 996 |
6 |
|
|b 2619344049
|c 2-0958.665
|l MZK
|r Sklad / do 1 hodiny
|n 0
|w 001147738
|u 000010
|a 1
|e BOA001
|j MZK50
|s P
|